000 nam a22 a 4500
999 _c629
_d629
003 AKMAL
005 20170504134254.0
008 170504s1993 my e 000 0 may d
020 _a9837200928 (kkt.) :
_cRM 10.00
040 _aAKMAL
082 0 4 _a158 IMR
090 0 0 _a158
_bIMR
100 0 _aImran Jafar
_91344
245 1 0 _aMinda punca kejayaan /
_cImran Jafar
260 _aKuala Lumpur :
_bGolden Books Centre,
_c1993
300 _a117ms. ;
_c19cm
521 _aPeringkat pembaca: Dewasa
650 _aMind and body
_9912
650 _aSuccess
_xPsychological aspects
_91186
650 _aThought and thinking
_9913
942 _2ddc
_cBOOK